000 00500nam a2200193Ia 4500
005 20250508151529.0
008 008 250505s9999 xx 000 0 eng d
037 _aTextual
040 _aFEDL
_beng
_cFEDL
041 _aeng
_2eng
084 _a428, BAI
_qFEDL
100 _aBailey
245 0 _aFirst steps in english
260 _aNew York, USA
_bAmerican Book Company
_c1946
300 _a80p.
546 _aWeeded out
942 _cTEXL
_h428, BAI
999 _c1330387
_d1330387